000 00843nas a2200277 4500
001 BR2016002209
003 BR-BrBNA
005 20231205130440.0
007 ta
008 230509b bl.|||p| |||| 00| 00por d
040 _aBR-BrBNA
_bpor
_cBiblioteca Nacional de Agricultura
041 _a(Pt)
072 _aL73
100 1 _aAbreu, R.L. de
100 1 _aGodoy, R.L. de O.
100 1 _aPacheco, S.
100 1 _aPereira, V.L.
100 1 _aSalgado, N.L.G.
245 1 _aAveriguação da concentração de hipoxantina em carne congelada de frango
650 _aFRANGO
650 _aDOENCA ANIMAL
650 _aNITROGENIO
773 0 _tRevista Brasileira de Medicina Veterinária (Brazil)
_xISSN 0100-2430
_g(Oct-Dec 2015), v. 37(4) p. 350-352
_wBR2016002209
909 _a202311
_bLúcia
_c55
_dLúcia Elande
942 _2AGRIS
_n0
_cANA
999 _c249504
_d249504